000 00724nam a2200205 a 4500
001 000009481
005 20200929161616.0
008 090930s1987 dr 000 p spa d
040 _aDO-SdBNP
_bspa
_cBNPHU
082 _aPR861.4
_bA856v
100 1 _aAstol de Villanueva, Ana
_924287
245 1 0 _aVibraciones de mi vida :
_bUn recuerdo con mis bendiciones para toda la familia /
_cAna Astol de Villanueva.
260 _aSanto Domingo :
_bCorripio,
_c1987.
300 _a92 p. :
_bil. ;
_c23 cm.
500 _aIncluye datos biográfícos de la autora.
590 _aInventariado, 2018/VM
650 4 _aPoesía puertorriqueña
_91015
650 4 _aLiteratura puertorriqueña
_9250
910 _aValidado. Control de calidad MFF
999 _c9241
_d9241